000 00608nam a2200241 i 4500
001 C2-0277446
003 PPAK
005 20180728005500.0
008 070116s1987 nyu |||| ||||| | eng d
020 _a1400033411
040 _aPPAK
_beng
_cPPAK
_erda
082 0 4 _a823
_223
090 0 0 _a823
_bMOR
_dLCK
100 1 _aMorrison, Toni,
_eauthor
245 1 0 _aBeloved
264 1 _aNew York :
_bVintage Books ,
_c1987
300 _a321 pages ;
_c20 cm
336 _2rdacontent
_atext
337 _2rdamedia
_aunmediated
338 _2rdacarrier
_avolume
650 1 0 _aEnglish fiction.
942 _ddc
_cB
999 _c84648
_d84648